000 00517nam a2200169Ia 4500
999 _c19430
_d19430
003 OSt
005 20200701100816.0
008 190216s9999||||xx |||||||||||||| ||und||
020 _a0719540682
040 _coclc
082 _a909.82
_bWAT/S
100 _aWatson, Jack B
_93375
245 0 _aSuccess In Twentieth Century World Affairs From 1919 To The 1980s /
_c Jack B Watson
260 _bJohn Murrary,
_c1984.
_aLondon:
300 _a487p
942 _cBK
_2ddc
_h909.82
_iWAT/S
_k909.82
_mWAT/S